| 000 | 00749nam a22001815i 4500 | ||
|---|---|---|---|
| 001 | 164062 | ||
| 003 | ES-MaACL | ||
| 005 | 20250915063100.0 | ||
| 008 | 021008s1898 sp |||| | cat d | ||
| 040 |
_aCAM _bspa _cCAM |
||
| 100 | 1 |
_aRovira y Serra, Manuel, _d1865-1929 _9132129 |
|
| 245 | 1 | 0 |
_aRetorn _b: (el repatriat) : quadro dramátich en vers / _coriginal de Manel Rovira y Serra. |
| 260 |
_aBarcelona : _b[s.n., _cs.a.] ( _fA. López Robert impressor) |
||
| 300 |
_a10 p. ; _c21 cm. |
||
| 500 | _aEstrenat en lo Teatro Catalá instalat en lo de Romea, la vetlla del día 30 de desembre de 1898" | ||
| 852 |
_aES-MaACL _jG-3518(8) _z-- Enc. hol., falto de la enc. original _z-- Enc. en un vol. facticio |
||
| 999 |
_c164062 _d164062 |
||